Economía política de la política económica /

-д хадгалсан:
Номзүйн дэлгэрэнгүй
Үндсэн зохиолч: Fergusson, Leopoldo (autor)
Бусад зохиолчид: Querubín, Pablo (autor) (autor)
Формат: Ном
Хэл сонгох:испани
Хэвлэсэн: Bogotá, Colombia : Universidad de los Andes, Facultad de Economía, 2018, c2018
Нөхцлүүд:
Шошгууд: Шошго нэмэх
Шошго байхгүй, Энэхүү баримтыг шошголох эхний хүн болох!

MARC

LEADER 00000nam^a2200000^a^4500
001 000407998
005 20250521000000.0
009 20260310121941.069
020 |a 978-958-774-523-8 
037 |a Acervo ITESO - Biblioteca 
041 |a ESP 
082 |a 338. 9  |b FER 
100 |a Fergusson, Leopoldo  |e (autor) 
245 1 0 |a Economía política de la política económica /  |c L. Fergusson, P. Querubín. 
264 4 |a Bogotá, Colombia :  |b Universidad de los Andes, Facultad de Economía,  |c 2018, c2018 
300 |a 413 p. 
336 |a texto  |b txt  |2 rdacontenido 
337 |a sin mediación  |b n  |2 rdamedio 
338 |a volumen  |b nc  |2 rdasoporte 
521 |a FIL 2018 EEnlace Departamento de Estudios Sociopolíticos y Jurídicos 
649 |a XX 
650 |a Política Económica -  |x Tema Principal 
650 |a Economía Política 
650 |a Economía -  |x Teoría 
650 |a Economía 
700 |a Querubín, Pablo  |e (autor) 
910 |a Fondo General 
920 |a Impresos - Libros 
930 |a Colección General 
905 |a 101 
901 |a 0500311842  |b IT1  |c ACC  |i C162182  |u 20250521 
902 |a https://opac.biblio.iteso.mx/vufind/Record/000407998